Catálogo
 En Linea

Revision de las especies europeas de Linaria con semillas aladas. (Registro nro. 10775)

Detalles MARC
000 -CABECERA
campo de control de longitud fija 00840cam a22002531 4500
001 - NÚMERO DE CONTROL
campo de control 000011044
005 - FECHA Y HORA DE LA ÚLTIMA TRANSACCIÓN
campo de control 20200929162339.0
008 - DATOS DE LONGITUD FIJA--INFORMACIÓN GENERAL
campo de control de longitud fija 800418s1970 sp b b 000 0 spa
010 ## - NÚMERO DE CONTROL DE LA BIBLIOTECA DEL CONGRESO
Número de control de LC 79293136
035 ## - NÚMERO DE CONTROL DEL SISTEMA
Número de control de sistema (OCoLC)6218774
040 ## - FUENTE DE LA CATALOGACIÓN
Centro catalogador/agencia de origen DO-SdBNP
Centro/agencia transcriptor NIC
Centro/agencia modificador OCoLC
-- DLC
042 ## - CÓDIGO DE AUTENTICACIÓN
Código de autenticación premarc
050 00 - SIGNATURA TOPOGRÁFICA DE LA BIBLIOTECA DEL CONGRESO
Número de clasificación QK495.S43
Número de documento/Ítem V34
100 1# - ENTRADA PRINCIPAL--NOMBRE DE PERSONA
Nombre de persona Valdes, B.
Forma completa/desarrollada del nombre (Benito)
9 (RLIN) 26502
245 10 - MENCIÓN DE TÍTULO
Título Revision de las especies europeas de Linaria con semillas aladas.
260 ## - PUBLICACIÓN, DISTRIBUCIÓN, ETC.
Lugar de publicación, distribución, etc. [Sevilla] :
Nombre del editor, distribuidor, etc. Universidad de Sevilla,
Fecha de publicación, distribución, etc. 1970.
300 ## - DESCRIPCIÓN FÍSICA
Extensión 288 p. :
Otras características físicas maps. ;
Dimensiones 25 cm.
490 1# - MENCIÓN DE SERIE
Mención de serie Anales de la Universidad Hispalense. Serie: Ciencias,
Designación de volumen o secuencia no. 7
504 ## - NOTA DE BIBLIOGRAFÍA, ETC.
Nota de bibliografía, etc. Bibliography: p. 265-277.
650 #0 - PUNTO DE ACCESO ADICIONAL DE MATERIA--TÉRMINO DE MATERIA
Término de materia o nombre geográfico como elemento de entrada Linaria.
9 (RLIN) 26503
650 #0 - PUNTO DE ACCESO ADICIONAL DE MATERIA--TÉRMINO DE MATERIA
Término de materia o nombre geográfico como elemento de entrada Botany
Subdivisión geográfica Europe.
9 (RLIN) 26504
830 #0 - PUNTO DE ACCESO ADICIONAL DE SERIE-TÍTULO UNIFORME
Título uniforme Serie Ciencias (Seville, Spain) ;
Designación de volumen o secuencia no. 7.
9 (RLIN) 26505
910 ## - DATOS DE OPCIÓN DEL USUARIO (OCLC)
Datos de opción del usuario Catalogación por copia / LC
Existencias
Estado de retiro Estado de pérdida Restricciones de uso No para préstamo Código de colección Localización permanente Ubicación/localización actual Ubicación en estantería Fecha de adquisición Número de inventario Total de préstamos Signatura topográfica completa Código de barras Fecha visto por última vez Precio válido a partir de Tipo de ítem Koha
    Préstamo interno   Monografías: Libros y Folletos General General En catalogación 13.10.2009 LF1   11044-10 25.06.2020 25.06.2020 Préstamo interno

Con tecnología Koha